00974nam a2200193 a 450000100100000000500170001000800410002702000180006804000250008624501360011126000530024730000360030050000420033650000490037895201200042795201050054795201110065299900170076300004573520201002052420.0150508s2015 dr c 000 0 spa d a9789445892512 aDO-SdBNPbspacBNPHU00aConfesión de partes :baforismos y fragmentos del taller de creación literaria experimental Coiné /cAlexis Peña...[et al]. aSanto Domingo :bEditorial Letra Erguida,c2015. a151 p. :bil., retrs. ;c23 cm. aTaller y selección de Alexis Peña aIncluye datos biográficos de Alexis Peña 001154708DSaGRbGRcMId2015-05-08iLF1l0o p45735-30r2020-06-25te. 3w2020-06-25yLFDSZPréstamo en sala 0010718PDaPDbPDcHDd2015-05-08iLF1l0o p45735-10r2020-06-25w2020-06-25yLFPDZNo se presta 0010718PDaPDbPDcHDd2015-05-08iLF1l0o p45735-20r2020-06-25te. 2w2020-06-25yLFPDZNo se presta c45224d45224